000 00302nam a2200133Ia 4500
008 231129s2002||||xx |||||||||||||| ||spa||
020 _a11/3/59
040 _bspa
082 _a781.62 M985
245 0 _aMusicas en transicion
260 _c2002
264 _aMinisterio de Cultura
942 _2ddc
_cBKS
999 _c21543
_d21543